Ekonomická štatistika Príklady

Saved in:
Bibliographic Details
Main Author: Chajdiak, Jozef
Format: Book
Language:Slovak
Published: Bratislava Alfa 1989
Edition:1. vyd.
Series:Edícia ekonomickej literatúry
Tags: Add Tag
No Tags, Be the first to tag this record!

MARC

LEADER 00000nam a2200000 4500
001 c028021
005 20230116100416.3
041 0 |a slo 
044 |a SK 
245 1 0 |a Ekonomická štatistika  |b Príklady  |c Jozef Chajdiak a kol. 
250 |a 1. vyd. 
264 1 |a Bratislava  |b Alfa  |c 1989 
300 |a 343 s. 
490 1 |a Edícia ekonomickej literatúry 
830 0 |a Edícia ekonomickej literatúry 
100 1 |a Chajdiak, Jozef